Reciprocal sanctions of Russia and EU and their impact on the mutual trade focusing on Slovakia

Salvato in:
Dettagli Bibliografici
Autore principale: Baumgartner, Boris
Altri autori: Zubaľová, Ľubica, 1969-
Natura: Capitolo di libro
Lingua:inglese
Soggetti:
Tags: Aggiungi Tag
Nessun Tag, puoi essere il primo ad aggiungerne!!

MARC

LEADER 00000nla a2200000 4500
001 0211598
005 20240502073529.1
041 0 |a eng 
044 |a SK 
245 1 0 |a Reciprocal sanctions of Russia and EU and their impact on the mutual trade focusing on Slovakia  |c Boris Baumgartner, Ľubica Zubaľová 
610 2 0 |a obchod zahraničný 
610 2 0 |a dovoz 
610 2 0 |a vývoz 
610 2 0 |a vzťahy medzinárodné 
610 2 0 |a spolupráca medzinárodná 
610 2 0 |a politika medzinárodná 
610 2 0 |a sankcie 
610 2 0 |a Európska únia 
610 2 0 |a Rusko 
610 2 0 |a Slovensko 
100 1 |a Baumgartner, Boris 
700 1 |a Zubaľová, Ľubica, 1969-